Modern steels and their properties: Carbon and alloy steel bars and rods

Salvato in:
Dettagli Bibliografici
Ente Autore: Bethlehem Steel Corporation (Autore)
Natura: Libro
Lingua:inglese
Pubblicazione: Filadelfia Bethlehem Steel Corporation 1980
Edizione:1a. ed
Serie:Handbook, 3310
Soggetti:
Tags: Aggiungi Tag
Nessun Tag, puoi essere il primo ad aggiungerne!!

MARC

LEADER 00000cam a2200000 a 4500
001 UCC6691
003 CL-VaPUC
008 181227e19800000us |||||||||||||||||eng|d
082 0 4 |a 693.71  |b BET  |2 21 
110 2 |a Bethlehem Steel Corporation  |e author  |9 601142 
245 1 0 |a Modern steels and their properties: Carbon and alloy steel bars and rods 
250 |a 1a. ed 
300 |a 200 p 
942 |c BK 
945 |d 20181227 16:12:00  |a dcastane 
260 |a Filadelfia  |b Bethlehem Steel Corporation  |c 1980 
650 0 |a Acero estructural  |9 306233 
650 0 |a Aceros  |9 260685 
650 7 |a ESPECIFICACIONES  |2 CL-VaPUC  |9 363897 
650 0 |a Industria metalúrgica  |9 364008 
583 |a last modification  |c 20181227 16:12:00  |k Rodrigo Vera 
490 0 |a Handbook, 3310 
999 |c 373558  |d 373556